000 00405nam a2200133Ia 4500
008 100328s9999 xx 000 0 und d
082 _b17444
100 _aरंजीत कर्नल
245 _aअंधेरा बंगला
260 _bशिक्षा भारती
630 _aअंधेरा बंगला
730 _aअंधेरा बंगला
942 _cBOOK
999 _c512019
_d512016